| 000 | 00385cam a2200145ua 4500 | ||
|---|---|---|---|
| 041 |
_amal _h |
||
| 082 |
_a922.94 _bBAL/MA |
||
| 100 | _aBalakrishnan nair, N . | ||
| 245 |
_aMaharshi Chattambi swamikal / _cN.Balakrishnan nair. _hTextual Documents |
||
| 260 |
_aTrivandrum : _bKalanilayam publications , _c1959. |
||
| 300 | _a195 ; . | ||
| 504 | _a | ||
| 942 | _cBK | ||
| 999 |
_c721 _d721 |
||